000 00266nam a22001217a 4500
003 OSt
008 250227b |||||||| |||| 00| 0 eng d
041 _aeng
245 _aPractical Matlab Application for Engineers
260 _c2012.
300 _a686p.
942 _cBK
999 _c19458
_d19458